Learning & Teaching (Record no. 328233)
[ view plain ]
| 000 -LEADER | |
|---|---|
| fixed length control field | 00245 a2200109 4500 |
| 001 - CONTROL NUMBER | |
| control field | 93160 |
| 003 - CONTROL NUMBER IDENTIFIER | |
| control field | NUST |
| 005 - DATE AND TIME OF LATEST TRANSACTION | |
| control field | 20180120133438.0 |
| 008 - FIXED-LENGTH DATA ELEMENTS--GENERAL INFORMATION | |
| fixed length control field | 180120b xxu||||| |||| 00| 0 eng d |
| 082 ## - DEWEY DECIMAL CLASSIFICATION NUMBER | |
| Classification number | 370.7 HUG |
| 100 ## - MAIN ENTRY--PERSONAL NAME | |
| Personal name | Hughes, A.G |
| 9 (RLIN) | 9202 |
| 245 ## - TITLE STATEMENT | |
| Title | Learning & Teaching |
| Medium | English |
| 260 ## - PUBLICATION, DISTRIBUTION, ETC. | |
| Name of publisher, distributor, etc. | Longmans |
| Date of publication, distribution, etc. | 1960 |
| 942 ## - ADDED ENTRY ELEMENTS (KOHA) | |
| Institution code [OBSOLETE] | CAE NUST |
| Koha item type | Book |
| Call number prefix | 370.7 HUG |
| Source of classification or shelving scheme | |
| Withdrawn status | Lost status | Damaged status | Not for loan | Collection code | Permanent Location | Current Location | Date acquired | Total Checkouts | Full call number | Barcode | Date last seen | Price effective from | Koha item type |
|---|---|---|---|---|---|---|---|---|---|---|---|---|---|
| College of Aeronautical Engineering (CAE) | College of Aeronautical Engineering (CAE) | 04/03/2017 | 370.7 HUG | CAE8489 | 04/05/2017 | 04/05/2017 | Book |
